000 00560nam a2200217Ia 4500
003 OSt
005 20230504105849.0
008 210423s2006 xx 000 0 und d
020 _a8120321103
040 _cAL
041 _aeng
082 _a574.1925
_223
_b SHUM
100 _aSHULER (Michael L);KARGI (Fikret).
_997530
245 _aBioprocess engineering: basic concepts.
250 _a2
260 _aNew Delhi
_bPHI Learning Pvt Ltd
_c2006
300 _axx,553
_bPB
365 _b325
_cINR
906 _aBioprocess ; engineering
942 _2ddc
_cBK
999 _c163545
_d163545